| 000 | 00444nam a2200169Ia 4500 | ||
|---|---|---|---|
| 008 | 230524s9999 xx 000 0 und d | ||
| 082 |
_a660.609 _bJON |
||
| 100 |
_aNeil C.Jones _923417 |
||
| 245 | 3 | _aAn Introduction to Bioinformatics Algorithms | |
| 250 | _a1ST | ||
| 260 |
_aNEW DELHI _bAne Books _c2005 |
||
| 300 | _aXIII;429 | ||
| 500 | _aQuantity Number: 1 | ||
| 650 | _aBiomedical | ||
| 700 |
_a Pavel A.Pevzner _923418 |
||
| 942 | _cBK | ||
| 999 |
_c34999 _d34999 |
||